Poemas políticos (Registo nº 201968)

Detalhes MARC
000 -Etiqueta do registo
Valores 00622nam 22001933 4500
100 ## - Dados gerais de processamento
Dados gerais 20260427d u||y0pory50 ba
200 ## - Titulo e menção de responsabilidade
Título próprio Poemas políticos
Primeira menção de responsabilidade Hans Magnus Enzensberger
Outras menções de responsabilidade tradução Almeida Faria
210 ## - Publicação
Local de publicação Lisboa
Nome do editor Dom Quixote
Data de publicação 1975
215 ## - Descrição física 
Paginação / Volumes 147, [2] p.
Outras indicações físicas brochado
Dimensões 21 cm
225 ## - Colecção 
Título próprio da colecção Poesia Século XX
Indicação de volume 7
606 ## - Nome comum usado como assunto
ID Autoridade 5683
Palavra de ordem Literatura Alemã
Subdivisão assunto Poesia
675 ## - CDU
Notação 821.112.2-1"19/20"
Edição PT
Língua por
700 ## - Autor principal (pessoa individual)
ID Autoridade 17200
Apelido Enzensberger
Nome Hans Magnus
Datas 1929-2022
702 ## - Autor secundário (pessoa individual)
ID Autoridade 1040
Apelido Faria
Nome Almeida
Datas 1943-
801 ## - Fonte de origem
País PT
Agência BMMN
Regras de catalogação RPC
830 ## - Notas gerais do catalogador
Criado por Ana Falardo
Indexado por Ana Falardo
990 ## - Elementos KOHA
Tipo de documento Livro
Exemplares
Situação do levantamento Biblioteca de origem Código de barras Cota Permissão de empréstimo Tipo de documento Nota relativa ao exemplar Forma de aquisição
  Biblioteca Municipal de Montemor-o-Novo 31367 821.112.2-1 ENZ|SAF   Livro Acesso Condicionado Oferta

Powered by Koha